Presidents by Nickname - Statistics

General Stats
  • This quiz has been taken 39 times
  • The average score is 22 of 45
Answer Stats
Hint Answer % Correct
The Father of His Country George Washington
93%
Silent Cal Calvin Coolidge
79%
Rutherfraud Rutherford B. Hayes
79%
The Great Emancipator Abraham Lincoln
75%
Teddy Theodore Roosevelt
75%
Unconditional Surrender Grant Ulysses S. Grant
75%
Wobbly Warren Warren G. Harding
71%
Ike Dwight D. Eisenhower
68%
FDR Franklin D. Roosevelt
68%
JFK John F. Kennedy
68%
LBJ Lyndon B. Johnson
68%
Old Hickory Andrew Jackson
64%
Give 'Em Hell Harry Harry S. Truman
64%
Father of the Constitution James Madison
64%
Tricky Dick Richard Nixon
64%
The Donald Donald Trump
61%
The Peanut Farmer Jimmy Carter
61%
Bachelor President James Buchanan
57%
Amtrak Joe Joe Biden
54%
Barry O'bomber Barack Obama
50%
Dubya George W. Bush
50%
Tippecanoe William Henry Harrison
46%
Last of the Whigs Millard Fillmore
43%
Apostle of Democracy Thomas Jefferson
43%
Big Bill William Howard Taft
43%
Tennessee Tailor Andrew Johnson
39%
His Accidency John Tyler
39%
The Gipper Ronald Reagan
39%
Old Rough and Ready Zachary Taylor
39%
The Comeback Kid Bill Clinton
36%
Young Hickory of the Granite Hills Franklin Pierce
36%
41 George H.W. Bush
36%
Young Hickory James K. Polk
36%
Little Magician Martin Van Buren
36%
Professor Woodrow Wilson
36%
Mr. Nice Guy Gerald Ford
29%
Preacher President James A. Garfield
29%
The Last Cocked Hat James Monroe
29%
Colossus of Independance John Adams
29%
Idol of Ohio William McKinley
29%
Gentleman Boss Chester A. Arthur
25%
His Obsistancy Grover Cleveland
25%
Great Humanitarian Herbert Hoover
25%
Old Man Eloquent John Quincy Adams
25%
Front Porch Campaigner Benjamin Harrison
21%
No matching quizzes found
Score Distribution
Percent of People with Each Score
Percentile by Number Answered
Your Score History
You have not taken this quiz